Diseases in young children (Запись № 13539606)

Подробности
000 -МАРКЕР
контрольное поле 02025nam0a2200385 4500
001 - ИДЕНТИФИКАТОР ЗАПИСИ
контрольное поле RU\NLR\BIBL_A\022669257
005 - ИДЕНТИФИКАТОР ВЕРСИИ
контрольное поле 20260406080811.0
010 ## - МЕЖДУНАРОДНЫЙ СТАНДАРТНЫЙ НОМЕР КНИГИ (ISBN)
Номер (ISBN) 978-5-7677-3928-8
Тираж 100
035 ## - ДРУГИЕ СИСТЕМНЫЕ НОМЕРА
Идентификатор записи (NLR Aleph) 022669257
100 ## - ДАННЫЕ ОБЩЕЙ ОБРАБОТКИ
Данные общей обработки 20251119d2025 k y0rusy50 ca
101 0# - ЯЗЫК РЕСУРСА
Язык текста, звукозаписи и т.д. русский
102 ## - СТРАНА ПУБЛИКАЦИИ ИЛИ ПРОИЗВОДСТВА
Страна публикации российская федерация
105 ## - ПОЛЕ КОДИРОВАННЫХ ДАННЫХ: ТЕКСТОВЫЕ МАТЕРИАЛЫ, МОНОГРАФИЧЕСКИЕ
Кодированные данные о монографическом текстовом документе a j 000yy
181 #0 - ПОЛЕ КОДИРОВАННЫХ ДАННЫХ: ВИД СОДЕРЖАНИЯ
Код вида содержания (ISBD) i3
Код характеристики содержания (ISBD) axxe
182 #0 - ПОЛЕ КОДИРОВАННЫХ ДАННЫХ: ТИП СРЕДСТВА
Код типа средства (ISBD) n - непосредственное
200 1# - ЗАГЛАВИЕ И СВЕДЕНИЯ ОБ ОТВЕТСТВЕННОСТИ
Основное заглавие Diseases in young children
Параллельное заглавие Болезни детей раннего возраста
Сведения, относящиеся к заглавию study aid
Первые сведения об ответственности [M. V. Krasnov, V. M. Krasnov, M. N. Grigoreva, M. G. Borovkova
Последующие сведения об ответственности responsible editor Doctor of medical sciences, Professor M. V. Krasnov]
-- Ministry of science and higher education of the Russian Federation, Federal state budgetary educational institution of higher education "I. N. Ulianov Chuvash state university"
Язык параллельного заглавия русский
203 ## - ВИД СОДЕРЖАНИЯ И ТИП СРЕДСТВА
Вид содержания Текст
Дополнительные сведения об издании визуальный
Тип средства непосредственный
210 ## - ПУБЛИКАЦИЯ, РАСПРОСТРАНЕНИЕ И ДР.
Место издания, распространения и т.д. Cheboksary
Имя издателя, распространителя и т. д. I. N. Ulianov Chuvash state university
Дата издания, распространения и т.д. 2025
215 ## - ФИЗИЧЕСКАЯ ХАРАКТЕРИСТИКА
Специфическое обозначение материала и объем 187 с.
Другие сведения о физической характеристике ил.
Размеры 20
300 ## - ОБЩИЕ ПРИМЕЧАНИЯ
Текст примечания Авт. указаны на с. 3
320 ## - ПРИМЕЧАНИЯ О НАЛИЧИИ В ДОКУМЕНТЕ БИБЛИОГРАФИИ / УКАЗАТЕЛЯ
Текст примечания Библиогр.: с. 186 (9 назв.)
510 1# - ПАРАЛЛЕЛЬНОЕ ЗАГЛАВИЕ
Параллельное заглавие Болезни детей раннего возраста
Язык заглавия русский
606 1# - НАИМЕНОВАНИЕ ТЕМЫ КАК ПРЕДМЕТ
Наименование темы Дети раннего возраста
Формальный подзаголовок Учебные издания для высших учебных заведений
Тематический подзаголовок Болезни
Системный номер авторитетной/нормативной записи 943625
Идентификатор авторитетной/нормативной записи RU\NLR\AUTH\6630934
686 1# - ИНДЕКСЫ ДРУГИХ КЛАССИФИКАЦИЙ
Индекс Р733я73
701 #1 - ИМЯ ЛИЦА - АЛЬТЕРНАТИВНАЯ ОТВЕТСТВЕННОСТЬ
Графика поля Латинская
Материалы, к которым относится поле rus
Начальный элемент ввода Krasnov
Часть имени, кроме начального элемента ввода M.V.
Дополнения к именам, кроме дат д-р мед. наук
Даты 1941-
Расширение инициалов личного имени Michail Vasil'evič
Системный номер авторитетной/нормативной записи 222660
Идентификатор авторитетной/нормативной записи RU\NLR\AUTH\770222716
701 #1 - ИМЯ ЛИЦА - АЛЬТЕРНАТИВНАЯ ОТВЕТСТВЕННОСТЬ
Начальный элемент ввода Krasnov
Часть имени, кроме начального элемента ввода V. M.
Расширение инициалов личного имени Vladimir Michajlovič
701 #1 - ИМЯ ЛИЦА - АЛЬТЕРНАТИВНАЯ ОТВЕТСТВЕННОСТЬ
Графика поля Латинская
Материалы, к которым относится поле rus
Начальный элемент ввода Grigor'eva
Часть имени, кроме начального элемента ввода M. N.
Дополнения к именам, кроме дат канд. мед. наук
Расширение инициалов личного имени Marina Nikolaevna
Идентификатор авторитетной/нормативной записи RU\NLR\AUTH\770222704
Системный номер авторитетной/нормативной записи 222648
701 #1 - ИМЯ ЛИЦА - АЛЬТЕРНАТИВНАЯ ОТВЕТСТВЕННОСТЬ
Графика поля Латинская
Материалы, к которым относится поле rus
Начальный элемент ввода Borovkova
Часть имени, кроме начального элемента ввода M.G.
Расширение инициалов личного имени Marina Georgievna
Системный номер авторитетной/нормативной записи 222765
Идентификатор авторитетной/нормативной записи RU\NLR\AUTH\770222821
712 02 - НАИМЕНОВАНИЕ ОРГАНИЗАЦИИ - ВТОРИЧНАЯ ОТВЕТСТВЕННОСТЬ
Код отношения Издающая организация
Графика поля Латинская
Материалы, к которым относится поле eng
Начальный элемент ввода I. N. Ulianov Chuvash state university
Идентифицирующий признак Cheboksary
Системный номер авторитетной/нормативной записи 678951
Идентификатор авторитетной/нормативной записи RU\NLR\AUTH\880509348
942 ## - ДОПОЛНИТЕЛЬНЫЕ ЭЛЕМЕНТЫ ЗАПИСИ (АБИС)
Тип экземпляра АБИС Книга
980 ## - КОЛЛЕКЦИЯ
Название коллекции Национальная библиография

Нет доступных экземпляров.